|
|
|
|
| LEADER |
00758nam a2200205 a 4500 |
| 001 |
c000077367 |
| 003 |
CARM |
| 005 |
00000000000000.0 |
| 008 |
710625s1971 enk 00011 eng d |
| 019 |
1 |
|
|a 3520331
|5 LACONCORD2021
|
| 020 |
|
|
|a 0091071909
|
| 035 |
|
|
|a (OCoLC)59075269
|5 LACONCORD2021
|
| 100 |
1 |
|
|a Haggard, H. Rider
|q (Henry Rider),
|d 1856-1925.
|
| 245 |
1 |
4 |
|a The treasure of the lake /
|c H. Rider Haggard.
|
| 260 |
|
|
|a London :
|b Hutchinson,
|c 1971.
|
| 300 |
|
|
|a 256 p. ;
|c 20 cm.
|
| 500 |
|
|
|a First published 1926.
|
| 852 |
8 |
|
|b CARM
|h A2:AD27H0
|i A00995
|p 0106852
|f BK
|
| 999 |
f |
f |
|i 85d1444c-a67c-511f-b31a-aa086fa0c7e8
|s 9d75c3a5-71d6-536a-b89c-602a92801bc4
|
| 952 |
f |
f |
|p Can circulate
|a CAVAL
|b CAVAL
|c CAVAL
|d CARM 1 Store
|e A00995
|f A2:AD27H0
|h Other scheme
|i book
|m 0106852
|